[Event "26th WSCC 2016 Open 65+"]
[Site "Marianske Lazne, Czech Republic - Hotel Cristal and Continental"]
[Date "2016.11.28"]
[Round "9.101"]
[White "Kaldybayev, Orazbek"]
[Black "De Giorgis, Georges"]
[Result "1-0"]
[WhiteElo "1793"]
[BlackElo "1653"]
[PlyCount "117"]
[EventDate "2016.11.19"]

1. e4 c5 2. Nf3 Nc6 3. c3 e5 4. Bc4 Be7 5. O-O Nf6 6. Re1 O-O 7. h3 Na5 8. Bf1
Nc6 9. d4 cxd4 10. cxd4 exd4 11. Nxd4 Nxd4 12. Qxd4 Qc7 13. Nc3 Qc5 14. Be3
Qxd4 15. Bxd4 d6 16. Rab1 Be6 17. Rbd1 a6 18. Rd2 Rfc8 19. Na4 Rc6 20. Nb6 Re8
21. b3 Bd8 22. Nc4 Bxc4 23. Bxc4 b5 24. Bd3 Ba5 25. Rde2 Bxe1 26. Rxe1 Nd7 27.
f4 Nc5 28. Bb1 f6 29. Kf2 Kf8 30. g3 h6 31. Kf3 Ne6 32. Bb2 Rec8 33. Re3 Ke7
34. h4 Nc5 35. e5 dxe5 36. fxe5 Ne6 37. Kg4 fxe5 38. Bxe5 Kf7 39. Rf3+ Ke7 40.
Bg6 Rf8 41. Re3 Rf1 42. Bxg7 h5+ 43. Bxh5 Kd8 44. Rd3+ Kc8 45. Bc3 Nc5 46. Re3
Kd7 47. Be8+ Kd6 48. Bxc6 Kxc6 49. h5 Kd7 50. h6 Rf7 51. Kg5 Ne6+ 52. Kg6 Re7
53. Rd3+ Ke8 54. Bg7 a5 55. Rd5 a4 56. Rxb5 axb3 57. axb3 Nf8+ 58. Bxf8 Kxf8
59. Rb8+ 1-0

[Event "26th WSCC 2016 Open 65+"]
[Site "Marianske Lazne, Czech Republic - Hotel Cristal and Continental"]
[Date "2016.11.28"]
[Round "9.104"]
[White "Benson, Lachlan"]
[Black "Zak, Jiri"]
[Result "1-0"]
[WhiteElo "1988"]
[BlackElo "1628"]
[PlyCount "127"]
[EventDate "2016.11.19"]

1. e4 c6 2. d4 d5 3. Nc3 dxe4 4. Nxe4 Bf5 5. Ng3 Bg6 6. Nf3 Nd7 7. Bd3 Bxd3 8.
Qxd3 Qc7 9. O-O e6 10. Re1 Be7 11. c4 O-O-O 12. a3 Bf6 13. Qc2 Ne7 14. Be3 h5
15. Ne4 Nf5 16. Nxf6 Nxe3 17. Rxe3 gxf6 18. d5 Nf8 19. dxc6 Qxc6 20. Rd1 Ng6
21. Nd4 Qd7 22. Red3 Nf4 23. R3d2 Qe7 24. Nb5 Kb8 25. Qe4 e5 26. g3 Nh3+ 27.
Kg2 Ng5 28. Qe3 b6 29. h4 Ne6 30. b4 Rxd2 31. Rxd2 Rg8 32. Kh2 Qb7 33. Nd6 Qc6
34. Qe4 Qc7 35. Nb5 Qe7 36. Qc6 Rd8 37. Rxd8+ Nxd8 38. Qd6+ Qxd6 39. Nxd6 Kc7
40. Ne4 f5 41. Nf6 Kd6 42. Nxh5 Ke6 43. Ng7+ Kf6 44. Ne8+ Ke7 45. Nc7 Nc6 46.
Kg2 Nd4 47. Kf1 Nc2 48. Nd5+ Kf8 49. a4 Nd4 50. Ke1 Kg7 51. Kd2 Kg6 52. c5 bxc5
53. b5 Nb3+ 54. Kc3 Na5 55. Ne7+ Kh5 56. Nc6 Nb7 57. Nxa7 Kg4 58. Nc6 Nd6 59.
Nxe5+ Kh5 60. f3 f4 61. gxf4 Kxh4 62. b6 Kg3 63. a5 Kxf4 64. Nxf7 1-0

[Event "26th WSCC 2016 Open 65+"]
[Site "Marianske Lazne, Czech Republic - Hotel Cristal and Continental"]
[Date "2016.11.28"]
[Round "9.105"]
[White "Borensztajn, David"]
[Black "Feco, Jan"]
[Result "0-1"]
[WhiteElo "2211"]
[BlackElo "1761"]
[PlyCount "58"]
[EventDate "2016.11.19"]

1. f4 Nf6 2. Nf3 g6 3. b3 Bg7 4. Bb2 O-O 5. g3 d6 6. Bg2 c6 7. e3 Nbd7 8. O-O
Nc5 9. d3 Ng4 10. Bxg7 Kxg7 11. Qe1 e6 12. h3 Nh6 13. Na3 Kg8 14. g4 a5 15. e4
f5 16. g5 fxe4 17. dxe4 Nf7 18. Rd1 Qc7 19. Qe3 b6 20. c4 Bb7 21. Nh2 Qe7 22.
Ng4 e5 23. Nf6+ Kh8 24. Qg3 exf4 25. Rxf4 Ne6 26. Qc3 Nxf4 27. Nd5+ Qe5 28.
Qxe5+ dxe5 29. Nxb6 Rad8 0-1

[Event "26th WSCC 2016 Open 65+"]
[Site "Marianske Lazne, Czech Republic - Hotel Cristal and Continental"]
[Date "2016.11.28"]
[Round "9.106"]
[White "Filzmaier, Bruno"]
[Black "Rubinstein, Mark"]
[Result "1/2-1/2"]
[WhiteElo "1760"]
[BlackElo "1886"]
[PlyCount "31"]
[EventDate "2016.11.19"]

1. a3 f5 2. e3 Nf6 3. d4 g6 4. b4 e6 5. c4 b6 6. Nf3 Bb7 7. Be2 d6 8. Bb2 Nbd7
9. O-O Bg7 10. h3 Qe7 11. Bc3 a6 12. Qb3 O-O 13. d5 Kh8 14. Nd4 e5 15. Ne6 Rfc8
16. Nxg7 $11 1/2-1/2

[Event "26th WSCC 2016 Open 65+"]
[Site "Marianske Lazne, Czech Republic - Hotel Cristal and Continental"]
[Date "2016.11.28"]
[Round "9.107"]
[White "Baumgarten, Werner"]
[Black "Londin, Milan"]
[Result "1/2-1/2"]
[WhiteElo "1882"]
[BlackElo "1754"]
[PlyCount "32"]
[EventDate "2016.11.19"]

1. d4 d5 2. Nf3 Bf5 3. Bf4 e6 4. e3 Bd6 5. Bg5 Be7 6. Bf4 Bd6 7. Bg5 Be7 8.
Bxe7 Qxe7 9. a3 Nd7 10. c4 c6 11. Nc3 Ngf6 12. Rc1 Ne4 13. cxd5 exd5 14. Bd3
Nxc3 15. Rxc3 Bxd3 16. Qxd3 O-O $11 1/2-1/2

[Event "26th WSCC 2016 Open 65+"]
[Site "Marianske Lazne, Czech Republic - Hotel Cristal and Continental"]
[Date "2016.11.28"]
[Round "9.108"]
[White "Peierl, Walter"]
[Black "Prammer, Franz"]
[Result "1/2-1/2"]
[WhiteElo "1741"]
[BlackElo "1864"]
[PlyCount "70"]
[EventDate "2016.11.19"]

1. e4 e5 2. Nf3 d6 3. Bc4 c6 4. c3 Nd7 5. d4 Be7 6. Qb3 Qb6 7. Bxf7+ Kf8 8.
Bxg8 Rxg8 9. Be3 Qxb3 10. axb3 b6 11. Nbd2 Bb7 12. O-O g5 13. g3 a6 14. Ne1 Bf6
15. f3 Ke7 16. Nd3 b5 17. Rf2 h6 18. dxe5 Bxe5 19. f4 Bf6 20. e5 dxe5 21. fxe5
Bxe5 22. Re1 Kd6 23. Nxe5 Nxe5 24. Ne4+ Kc7 25. Nc5 Rae8 26. Kg2 Kc8 27. Bd4
Nd7 28. Rxe8+ Rxe8 29. Nxd7 Kxd7 30. Rf7+ Re7 31. Rxe7+ Kxe7 32. Kf2 Bc8 33.
Ke3 Ke6 34. Ke4 Bb7 35. Bc5 Bc8 1/2-1/2

[Event "26th WSCC 2016 Open 65+"]
[Site "Marianske Lazne, Czech Republic - Hotel Cristal and Continental"]
[Date "2016.11.28"]
[Round "9.109"]
[White "Kosina, Vladimir"]
[Black "Dubinsky, Alexander"]
[Result "0-1"]
[WhiteElo "1715"]
[BlackElo "1858"]
[PlyCount "160"]
[EventDate "2016.11.19"]

1. d4 Nf6 2. Nf3 b6 3. g3 Bb7 4. Bg2 e6 5. c4 Be7 6. O-O O-O 7. Nc3 d6 8. Qa4
Nbd7 9. Rd1 h6 10. h4 a5 11. Bf4 Rb8 12. Qc2 Nh5 13. Be3 Nhf6 14. Rd2 Ng4 15.
Bf4 Ndf6 16. e4 Nh5 17. Ne2 f5 18. e5 Be4 19. Qb3 d5 20. a3 dxc4 21. Qxc4 Bd5
22. Qc3 Rc8 23. b4 a4 24. Rc1 Qe8 25. Bh3 Qg6 26. Bg2 Qe8 27. Bh3 c5 28. dxc5
bxc5 29. b5 Qxb5 30. Rb2 Qc6 31. Bg2 Rfd8 32. Ne1 Bxg2 33. Nxg2 g5 34. hxg5
hxg5 35. f3 Nh6 36. Be3 Qxf3 37. Rf1 Qc6 38. Rfb1 Rd7 39. Bf2 Kf7 40. Ne3 Qe4
41. Qc4 Qa8 42. Rb6 Rc6 43. Rb8 Qa6 44. Qxa6 Rxa6 45. Nc4 Ng4 46. Rh8 Ng7 47.
Rhb8 Nxf2 48. Kxf2 Raa7 49. Ke3 Kg6 50. Kf2 Kf7 51. Ke3 Nh5 52. Kf2 Bd8 53.
Nd6+ Kg6 54. Nc4 Ng7 55. R8b5 Rdc7 56. Ke3 f4+ 57. gxf4 Nf5+ 58. Ke4 Nd4 59.
Nxd4 cxd4 60. Kxd4 gxf4 61. Rg1+ Bg5 62. Nd6 Ra8 63. Rc5 Rxc5 64. Kxc5 Ra5+ 65.
Kd4 Rd5+ 66. Ke4 Rd2 67. Nc4 Rh2 68. Kd4 Rh4 69. Nd6 Kh5 70. Kc4 f3+ 71. Kd3
Rh2 72. Rf1 Kg4 73. Rg1+ Rg2 74. Rf1 Ra2 75. Rg1+ Kf4 76. Kd4 f2 77. Rf1 Kf3
78. Kc3 Kg2 79. Rb1 f1=Q 80. Rxf1 Kxf1 0-1

[Event "26th WSCC 2016 Open 65+"]
[Site "Marianske Lazne, Czech Republic - Hotel Cristal and Continental"]
[Date "2016.11.28"]
[Round "9.110"]
[White "Rychtecky, Pavel"]
[Black "Novak, Jaromir"]
[Result "1/2-1/2"]
[WhiteElo "1601"]
[BlackElo "1843"]
[PlyCount "133"]
[EventDate "2016.11.19"]

1. e4 e6 2. d4 d5 3. Nc3 dxe4 4. Nxe4 Be7 5. Nf3 Nf6 6. Bd3 Nbd7 7. O-O Nxe4 8.
Bxe4 Nf6 9. Bd3 O-O 10. Re1 b6 11. Bg5 Bb7 12. c3 Nd5 13. Bxe7 Qxe7 14. Qd2
Rfe8 15. Ng5 h6 16. Ne4 Qh4 17. g3 Qe7 18. c4 Nf6 19. Nxf6+ Qxf6 20. Be4 Bxe4
21. Rxe4 Red8 22. Rd1 Rd6 23. Rde1 Rad8 24. d5 exd5 25. cxd5 Rxd5 26. Re8+ Kh7
27. Qc2+ g6 28. Rxd8 Qxd8 29. Re2 Rd1+ 30. Kg2 Qd5+ 31. f3 c5 32. b3 Qd4 33.
Rf2 a5 34. g4 Kg7 35. h4 b5 36. Qb2 Qxb2 37. Rxb2 Kf6 38. Rc2 Rd5 39. f4 Ke6
40. Re2+ Kd7 41. Kf3 f5 42. gxf5 gxf5 43. Ke3 Rd6 44. Kf3 Rd3+ 45. Kg2 Kd6 46.
h5 c4 47. bxc4 bxc4 48. Re8 Kc5 49. Rc8+ Kb4 50. Rb8+ Ka3 51. Rb5 a4 52. Rxf5
c3 53. Rc5 Rd2+ 54. Kf3 c2 55. Ke3 Rh2 56. f5 Rxh5 57. Rxc2 Rxf5 58. Rh2 h5 59.
Ke4 Rb5 60. Kd4 Rb2 61. Rxh5 Kxa2 62. Kc3 a3 63. Rc5 Rb6 64. Rh5 Rc6+ 65. Kb4
Rc2 66. Rh3 Rg2 67. Rxa3+ 1/2-1/2

[Event "26th WSCC 2016 Open 65+"]
[Site "Marianske Lazne, Czech Republic - Hotel Cristal and Continental"]
[Date "2016.11.28"]
[Round "9.111"]
[White "Andersson, Finn"]
[Black "Do Prado, Hamilton Mesquita"]
[Result "0-1"]
[WhiteElo "1833"]
[BlackElo "1672"]
[PlyCount "48"]
[EventDate "2016.11.19"]

1. e4 c5 2. Nf3 d6 3. d4 cxd4 4. Nxd4 Nf6 5. Nc3 a6 6. h3 Nc6 7. Be3 e6 8. Qd2
Qc7 9. g4 Bd7 10. g5 Nh5 11. Be2 g6 12. O-O-O Ne5 13. b3 Qa5 14. f4 Nc6 15.
Bxh5 gxh5 16. Nxc6 Bxc6 17. Bd4 Rg8 18. Qe3 Bg7 19. Bxg7 Rxg7 20. Rxd6 Qa3+ 21.
Kb1 Qxd6 22. Rd1 Qc7 23. Qd4 e5 24. fxe5 Rd8 0-1

[Event "26th WSCC 2016 Open 65+"]
[Site "Marianske Lazne, Czech Republic - Hotel Cristal and Continental"]
[Date "2016.11.28"]
[Round "9.112"]
[White "Kummer, Heinz"]
[Black "Kolek, Josef"]
[Result "1-0"]
[WhiteElo "1702"]
[BlackElo "1801"]
[PlyCount "65"]
[EventDate "2016.11.19"]

1. e4 c5 2. Nf3 Nc6 3. d4 cxd4 4. Nxd4 g6 5. Nc3 Bg7 6. Be3 d6 7. Qd2 Nf6 8. f3
O-O 9. O-O-O Bd7 10. g4 Qa5 11. Kb1 a6 12. h4 Rfc8 13. Nd5 Qxd2 14. Nxf6+ Bxf6
15. Rxd2 Ne5 16. g5 Bg7 17. c3 b5 18. Rdh2 Nc4 19. Bc1 Rab8 20. Bxc4 Rxc4 21.
Nc2 a5 22. h5 b4 23. cxb4 axb4 24. Ne3 Rc6 25. Nd5 Kf8 26. hxg6 fxg6 27. Rxh7
Kf7 28. Nxe7 Ra6 29. Nd5 Be6 30. Be3 Bxd5 31. exd5 Kf8 32. Rxg7 Kxg7 33. Bd4+
1-0

[Event "26th WSCC 2016 Open 65+"]
[Site "Marianske Lazne, Czech Republic - Hotel Cristal and Continental"]
[Date "2016.11.28"]
[Round "9.113"]
[White "Usselman, Paul"]
[Black "Dvorsky, David"]
[Result "0-1"]
[WhiteElo "1798"]
[BlackElo "1594"]
[PlyCount "118"]
[EventDate "2016.11.19"]

1. Nf3 Nf6 2. g3 d5 3. Bg2 e6 4. O-O Bc5 5. d4 Bb6 6. c4 c6 7. b3 O-O 8. Nc3
Nbd7 9. Bb2 Re8 10. e3 Nf8 11. Ne5 Ng6 12. f4 Bc7 13. Qf3 Nd7 14. Rad1 Ndf8 15.
a3 f6 16. Nd3 b6 17. Rfe1 Bb7 18. c5 Ba6 19. b4 Qc8 20. e4 Bc4 21. Qh5 Qa6 22.
Bf1 Qc8 23. a4 Qd7 24. e5 f5 25. Ra1 Rab8 26. b5 a5 27. bxa6 Bxa6 28. Ba3 Bxd3
29. Bxd3 bxc5 30. Bxc5 Ba5 31. Rec1 Rb3 32. Ra3 Qb7 33. Qd1 Rxa3 34. Bxa3 Nd7
35. Ne2 Bb6 36. Rb1 Qa7 37. Bb2 Rc8 38. Kf1 Rc7 39. Bc3 Ba5 40. Bc2 c5 41. Qd2
Bxc3 42. Nxc3 Qa6+ 43. Nb5 Rb7 44. Ke1 Ne7 45. dxc5 Nxc5 46. Qd4 Qa5+ 47. Kd1
Ne4 48. Ra1 Nc6 49. Qe3 Nb4 50. Bxe4 Rxb5 51. Qc3 Rc5 52. Qb3 fxe4 53. Rb1 Rc4
54. g4 Qc5 55. f5 Qg1+ 56. Ke2 Qxg4+ 57. Ke1 Qg1+ 58. Ke2 Qxh2+ 59. Ke1 Qg1+
0-1

[Event "26th WSCC 2016 Open 65+"]
[Site "Marianske Lazne, Czech Republic - Hotel Cristal and Continental"]
[Date "2016.11.28"]
[Round "9.115"]
[White "Mortensen, Steen Juul"]
[Black "Ostrowski, Michal"]
[Result "1-0"]
[WhiteElo "1975"]
[BlackElo "1223"]
[PlyCount "75"]
[EventDate "2016.11.19"]

1. Nf3 Nf6 2. d4 d5 3. g3 Bg4 4. Bg2 Bxf3 5. Bxf3 c6 6. O-O g6 7. Nd2 Bg7 8. b3
O-O 9. Bb2 Nbd7 10. c4 Re8 11. e4 e5 12. cxd5 cxd5 13. exd5 e4 14. Bg2 e3 15.
fxe3 Rxe3 16. Nc4 Nxd5 17. Bxd5 Re7 18. Qf3 Nf6 19. Bxb7 Rb8 20. Bc6 Rc8 21.
Rad1 h5 22. d5 Ng4 23. Bxg7 Kxg7 24. d6 Ne5 25. Qf6+ Kh6 26. dxe7 Qh8 27. Qxh8+
Rxh8 28. Nxe5 Kg7 29. e8=Q Rxe8 30. Bxe8 f5 31. Nxg6 Kf6 32. Nh4 Ke7 33. Rfe1+
Kf6 34. Rd6+ Kg7 35. Bxh5 f4 36. Re7+ Kf8 37. Rb7 fxg3 38. Rd8# 1-0

[Event "26th WSCC 2016 Open 65+"]
[Site "Marianske Lazne, Czech Republic - Hotel Cristal and Continental"]
[Date "2016.11.28"]
[Round "9.116"]
[White "Gutt, Gregory"]
[Black "Belokopyt, Boris"]
[Result "0-1"]
[WhiteElo "1766"]
[BlackElo "1898"]
[PlyCount "64"]
[EventDate "2016.11.19"]

1. e4 d6 2. Nf3 Nf6 3. Nc3 e5 4. d4 exd4 5. Nxd4 Be7 6. Be2 O-O 7. O-O c5 8.
Nb3 a5 9. a4 Nc6 10. f3 Be6 11. Nd2 Nd4 12. Nb5 Nxe2+ 13. Qxe2 d5 14. exd5 Nxd5
15. Ne4 Nc7 16. Be3 Nxb5 17. axb5 b6 18. Rfd1 Qc7 19. c4 h6 20. Nc3 Rad8 21.
Rxd8 Rxd8 22. Rd1 Bf6 23. Rxd8+ Qxd8 24. Na4 Bd4 25. b3 Bf5 26. Kf2 Qh4+ 27.
Kg1 Qf6 28. g3 h5 29. Bf2 Be6 30. Nxb6 Bxf2+ 31. Qxf2 Bh3 32. Qe2 Qd4+ 0-1

[Event "26th WSCC 2016 Open 65+"]
[Site "Marianske Lazne, Czech Republic - Hotel Cristal and Continental"]
[Date "2016.11.28"]
[Round "9.118"]
[White "Bobbia, Mario"]
[Black "Brhlik, Antonin"]
[Result "0-1"]
[WhiteElo "1850"]
[BlackElo "1732"]
[PlyCount "50"]
[EventDate "2016.11.19"]

1. e4 c5 2. Nf3 Nc6 3. d4 cxd4 4. Nxd4 Nf6 5. Nc3 e5 6. Ndb5 d6 7. Bg5 a6 8.
Na3 b5 9. Nd5 Be7 10. Bxf6 Bxf6 11. Nxf6+ Qxf6 12. Qd5 Bb7 13. O-O-O O-O 14.
Qd2 Rfd8 15. f3 Rac8 16. Kb1 Qe6 17. Bd3 Ne7 18. Rhe1 d5 19. exd5 Bxd5 20. Ka1
Nc6 21. Qg5 g6 22. Be4 Bxe4 23. fxe4 b4 24. Nb1 Nd4 25. Rd2 f6 0-1

[Event "26th WSCC 2016 Open 65+"]
[Site "Marianske Lazne, Czech Republic - Hotel Cristal and Continental"]
[Date "2016.11.28"]
[Round "9.119"]
[White "Pihlajamaki, Antti"]
[Black "Benes, Karel"]
[Result "1-0"]
[WhiteElo "1848"]
[BlackElo "1700"]
[PlyCount "81"]
[EventDate "2016.11.19"]

1. e4 c5 2. Nc3 e6 3. Nf3 d6 4. d4 cxd4 5. Nxd4 a6 6. g3 b6 7. Bg2 Bb7 8. O-O
Nd7 9. f4 Qc7 10. Be3 Ngf6 11. Qe2 Be7 12. g4 O-O 13. g5 Ne8 14. Qg4 g6 15. h4
Ng7 16. Rad1 Rae8 17. Rd2 Bd8 18. Nde2 d5 19. Rfd1 f5 20. gxf6 Bxf6 21. exd5
Bxc3 22. Nxc3 Nf6 23. Qh3 Nf5 24. d6 Bxg2 25. Qxg2 Nxe3 26. dxc7 Nxg2 27. Rd8
Ne3 28. Rxe8 Nxe8 29. c8=Q Nxd1 30. Qxe6+ Kg7 31. Nxd1 Rg8 32. Nf2 Rf8 33. Nd3
Nf6 34. Qxb6 Rf7 35. Qxa6 h5 36. Ne5 Rc7 37. Qd3 Ne8 38. Qxg6+ Kf8 39. Kf2 Ng7
40. Qd6+ Re7 41. Ng6+ 1-0

[Event "26th WSCC 2016 Open 65+"]
[Site "Marianske Lazne, Czech Republic - Hotel Cristal and Continental"]
[Date "2016.11.28"]
[Round "9.120"]
[White "Scholtyssek, Werner"]
[Black "Marshall, Michael"]
[Result "1/2-1/2"]
[WhiteElo "1734"]
[BlackElo "1841"]
[PlyCount "53"]
[EventDate "2016.11.19"]

1. e4 c5 2. Nf3 e6 3. Nc3 Nc6 4. d4 cxd4 5. Nxd4 Qc7 6. Bc4 a6 7. Nxc6 bxc6 8.
O-O Nf6 9. Qe2 Bb7 10. Bg5 Be7 11. e5 Nd5 12. Nxd5 cxd5 13. Bxe7 Kxe7 14. Bd3
f5 15. exf6+ gxf6 16. Rad1 h5 17. Bf5 Kf7 18. Bh3 Rag8 19. Rfe1 Rg5 20. Rd3 h4
21. Rf3 d4 22. Bxe6+ Kg7 23. Bf5 Rf8 24. Qd3 Bxf3 25. Qxf3 Rf7 26. Bd3 Qd6 27.
Qe4 1/2-1/2

[Event "26th WSCC 2016 Open 65+"]
[Site "Marianske Lazne, Czech Republic - Hotel Cristal and Continental"]
[Date "2016.11.28"]
[Round "9.121"]
[White "Klus, Jan"]
[Black "Haupt, Joachim"]
[Result "0-1"]
[WhiteElo "1694"]
[BlackElo "1812"]
[PlyCount "56"]
[EventDate "2016.11.19"]

1. e4 c5 2. Nf3 Nc6 3. d4 cxd4 4. Nxd4 Nf6 5. Nxc6 bxc6 6. Bd3 e5 7. O-O Be7 8.
h3 O-O 9. Nc3 Bb7 10. Ne2 d5 11. exd5 cxd5 12. Ng3 e4 13. Bb5 Qb6 14. Ba4 Rfd8
15. c3 d4 16. cxd4 Rxd4 17. Qc2 Rc8 18. Qe2 Rxa4 19. b3 Ba6 20. Qb2 Bxf1 21.
Nxf1 Ba3 22. Qd2 Rd4 23. Qf4 Bxc1 24. Rxc1 Rxc1 25. Qxc1 Qd8 26. Qc5 Rd1 27.
Qxa7 g6 28. Qe3 Qd3 0-1

[Event "26th WSCC 2016 Open 65+"]
[Site "Marianske Lazne, Czech Republic - Hotel Cristal and Continental"]
[Date "2016.11.28"]
[Round "9.122"]
[White "Birkestrand, Odd"]
[Black "Freeke, Kees"]
[Result "1-0"]
[WhiteElo "1703"]
[BlackElo "1791"]
[PlyCount "57"]
[EventDate "2016.11.19"]

1. e4 e5 2. Nf3 Nc6 3. Bc4 Nf6 4. Ng5 d5 5. exd5 Na5 6. d3 h6 7. Nf3 e4 8. Qe2
Nxc4 9. dxc4 Bc5 10. c3 O-O 11. Nd4 Bxd4 12. cxd4 Bg4 13. Qe3 b5 14. b3 bxc4
15. bxc4 c6 16. dxc6 Rb8 17. O-O Qd6 18. Ba3 Qxc6 19. Bxf8 Kxf8 20. Nd2 Re8 21.
Rab1 Qc7 22. Rb2 Bf5 23. h3 Be6 24. d5 Qe5 25. Rfb1 Bxd5 26. Qc5+ Kg8 27. cxd5
e3 28. Qxe3 Qxd5 29. Rb8 1-0

[Event "26th WSCC 2016 Open 65+"]
[Site "Marianske Lazne, Czech Republic - Hotel Cristal and Continental"]
[Date "2016.11.28"]
[Round "9.123"]
[White "Zelenka, Pavel"]
[Black "Mella, Aage"]
[Result "1/2-1/2"]
[WhiteElo "1563"]
[BlackElo "1781"]
[PlyCount "115"]
[EventDate "2016.11.19"]

1. d4 Nf6 2. Nf3 e6 3. Bg5 c5 4. c4 Be7 5. Nc3 h6 6. Bh4 O-O 7. e3 b6 8. Be2
Bb7 9. O-O d6 10. dxc5 bxc5 11. Qc2 Na6 12. a3 Bc6 13. Rfd1 Qb6 14. Ne1 Rab8
15. Rab1 Qb7 16. Bf3 Nc7 17. Bxc6 Qxc6 18. Qa4 Qxa4 19. Nxa4 Rfd8 20. b4 cxb4
21. Rxb4 g5 22. Bg3 Ne4 23. Rxb8 Rxb8 24. c5 Nxg3 25. cxd6 Bxd6 26. Rxd6 Rb1
27. hxg3 Rxe1+ 28. Kh2 Ra1 29. Rd7 Rxa3 30. Rxc7 Rxa4 31. g4 a5 32. Kg3 Kg7 33.
Ra7 Kf6 34. Ra6 Ra3 35. Ra7 a4 36. Kf3 Ra1 37. Ra5 a3 38. Kg3 a2 39. Kh2 Ke7
40. e4 Kd7 41. f3 Kc6 42. Ra6+ Kc5 43. Ra5+ Kd4 44. Ra4+ Ke5 45. Ra5+ Kf6 46.
Ra7 Kg6 47. Ra6 h5 48. gxh5+ Kxh5 49. g4+ Kg6 50. Kg2 Kf6 51. Ra5 Ke7 52. Ra7+
Kd6 53. Ra6+ Ke5 54. Ra5+ Kf4 55. Ra4 f6 56. Ra5 Ke3 57. Ra3+ Ke2 58. Ra6
1/2-1/2

[Event "26th WSCC 2016 Open 65+"]
[Site "Marianske Lazne, Czech Republic - Hotel Cristal and Continental"]
[Date "2016.11.28"]
[Round "9.124"]
[White "Svoboda, Zdenek"]
[Black "Vagner, Grigorij"]
[Result "0-1"]
[WhiteElo "1659"]
[BlackElo "1849"]
[PlyCount "34"]
[EventDate "2016.11.19"]

1. e4 e6 2. d4 d5 3. exd5 exd5 4. Qf3 Ne7 5. Nc3 a6 6. Bd3 Nbc6 7. Nge2 Nb4 8.
O-O Nxd3 9. cxd3 c6 10. Re1 Bf5 11. Ng3 Be6 12. b3 Ng6 13. Qg4 Be7 14. Nf5 O-O
15. Nxe7+ Qxe7 16. Qg3 Qb4 17. Ne2 Qxe1# 0-1

[Event "26th WSCC 2016 Open 65+"]
[Site "Marianske Lazne, Czech Republic - Hotel Cristal and Continental"]
[Date "2016.11.28"]
[Round "9.125"]
[White "Doehner, Hans-Juergen"]
[Black "Glacner, Karel"]
[Result "0-1"]
[WhiteElo "2111"]
[BlackElo "1629"]
[PlyCount "62"]
[EventDate "2016.11.19"]

1. e4 e5 2. Nf3 f5 3. Nc3 fxe4 4. Nxe4 d5 5. Ng3 Qf6 6. d3 h6 7. Qe2 Bd6 8. Nh5
Qe7 9. h3 Nc6 10. Bd2 Nf6 11. Nxf6+ Qxf6 12. O-O-O Be6 13. Be1 d4 14. Kb1 a5
15. Nd2 Bf7 16. Nb3 a4 17. Nc1 Ra6 18. c4 Qg6 19. Ka1 O-O 20. f3 Rb8 21. Rd2
Qe6 22. Rc2 Nb4 23. Bxb4 Bxb4 24. a3 Ba5 25. g3 b5 26. Rh2 b4 27. axb4 Bxb4 28.
Ka2 Ra5 29. g4 Qb6 30. Qd1 Bc3 31. Rcf2 Rb5 0-1

[Event "26th WSCC 2016 Open 65+"]
[Site "Marianske Lazne, Czech Republic - Hotel Cristal and Continental"]
[Date "2016.11.28"]
[Round "9.126"]
[White "Weyand, Fernand"]
[Black "Nielsen, Peter"]
[Result "1/2-1/2"]
[WhiteElo "1816"]
[BlackElo "1713"]
[PlyCount "83"]
[EventDate "2016.11.19"]

1. e4 c5 2. Nc3 g6 3. f4 Bg7 4. Nf3 a6 5. a4 Nc6 6. Bc4 e6 7. d3 Nge7 8. Bb3
O-O 9. a5 Nxa5 10. Ba2 b5 11. O-O Bb7 12. Be3 Qc7 13. Qd2 d5 14. Qf2 dxe4 15.
Ne1 exd3 16. Nxd3 Bd4 17. Bxd4 cxd4 18. Ne2 Nc4 19. Bxc4 bxc4 20. Ne5 Nf5 21.
Nxd4 Nxd4 22. Qxd4 Rad8 23. Qxc4 Qxc4 24. Nxc4 Rd4 25. Ne3 Rfd8 26. Rad1 Be4
27. Rxd4 Rxd4 28. Ra1 Bb7 29. g3 Kf8 30. Rd1 Rxd1+ 31. Nxd1 Ke7 32. Kf2 Kd6 33.
Ke3 e5 34. fxe5+ Kxe5 35. Nf2 f5 36. Nd3+ Kd5 37. Nf4+ Kc4 38. Ne6 Be4 39. Kd2
h6 40. Nf4 g5 41. Ne2 Bf3 42. Ng1 1/2-1/2

[Event "26th WSCC 2016 Open 65+"]
[Site "Marianske Lazne, Czech Republic - Hotel Cristal and Continental"]
[Date "2016.11.28"]
[Round "9.127"]
[White "Wibe, Per H"]
[Black "Schramek, Kurt"]
[Result "1-0"]
[WhiteElo "1805"]
[BlackElo "1602"]
[PlyCount "65"]
[EventDate "2016.11.19"]

1. d4 Nf6 2. Bf4 c5 3. d5 d6 4. c4 g6 5. Nc3 Bg7 6. e4 Qb6 7. Qb3 O-O 8. Nf3
Nbd7 9. h3 Nh5 10. Be3 Ne5 11. Be2 Nxf3+ 12. Bxf3 Nf6 13. O-O Nd7 14. Be2 h5
15. f4 Bh6 16. g4 hxg4 17. hxg4 Bg7 18. Qc2 Bd4 19. Qd3 Bxe3+ 20. Qxe3 Kg7 21.
f5 f6 22. Kf2 Ne5 23. b3 Bd7 24. g5 Rh8 25. Rh1 Rxh1 26. Rxh1 Rg8 27. gxf6+
exf6 28. Qh6+ Kf7 29. fxg6+ Rxg6 30. Qh7+ Rg7 31. Bh5+ Kf8 32. Qh8+ Rg8 33.
Qxf6+ 1-0

[Event "26th WSCC 2016 Open 65+"]
[Site "Marianske Lazne, Czech Republic - Hotel Cristal and Continental"]
[Date "2016.11.28"]
[Round "9.129"]
[White "Palla, Ivan"]
[Black "Dvorak, Pavel"]
[Result "1/2-1/2"]
[WhiteElo "1514"]
[BlackElo "1753"]
[PlyCount "27"]
[EventDate "2016.11.19"]

1. Nf3 Nf6 2. d4 e6 3. g3 d5 4. Bg2 Nbd7 5. O-O Bd6 6. b3 O-O 7. Bb2 c6 8. Nbd2
Re8 9. Ne5 Qc7 10. f4 b6 11. e4 Bf8 12. Nxd7 Nxd7 13. e5 c5 14. c3 1/2-1/2

[Event "26th WSCC 2016 Open 65+"]
[Site "Marianske Lazne, Czech Republic - Hotel Cristal and Continental"]
[Date "2016.11.28"]
[Round "9.130"]
[White "Tveten, Per"]
[Black "Zikavsky, Rudolf"]
[Result "0-1"]
[WhiteElo "1523"]
[BlackElo "1632"]
[PlyCount "106"]
[EventDate "2016.11.19"]

1. e4 d5 2. exd5 Nf6 3. Bb5+ Bd7 4. Bxd7+ Qxd7 5. Nc3 Nxd5 6. Nxd5 Qxd5 7. Qf3
Qxf3 8. Nxf3 Nc6 9. a3 e5 10. d3 f6 11. O-O Bd6 12. Re1 Kf7 13. c3 Rhe8 14. b4
a6 15. Re4 Ne7 16. Bd2 Ng6 17. Rae1 b5 18. c4 c5 19. bxc5 Bxc5 20. Bb4 Bxb4 21.
axb4 Nf4 22. Rd1 Rad8 23. Ne1 f5 24. Re3 bxc4 25. g3 Nd5 26. Rxe5 Rxe5 27. dxc4
Rde8 28. Nf3 R5e7 29. cxd5 Rb7 30. Rd4 h6 31. d6 Ke6 32. h3 Rd8 33. g4 fxg4 34.
hxg4 Rxd6 35. Re4+ Kf7 36. Ne5+ Kf6 37. f4 g5 38. fxg5+ hxg5 39. Nf3 Rdb6 40.
Re5 Rb5 41. Rc5 Rxc5 42. bxc5 Rc7 43. Nd2 Ke5 44. Nb3 Kf4 45. Nd4 Kxg4 46. c6
a5 47. Kf1 a4 48. Ke2 a3 49. Nb5 a2 50. Nxc7 a1=Q 51. Nd5 Qa2+ 52. Ke1 Qxd5 53.
c7 Qc6 0-1

[Event "26th WSCC 2016 Open 65+"]
[Site "Marianske Lazne, Czech Republic - Hotel Cristal and Continental"]
[Date "2016.11.28"]
[Round "9.131"]
[White "Brda, Vlastimil"]
[Black "Kympergr, Vojtech"]
[Result "1-0"]
[WhiteElo "1234"]
[BlackElo "1506"]
[PlyCount "75"]
[EventDate "2016.11.19"]

1. c4 Nf6 2. d4 d6 3. Nc3 g6 4. e4 Bg7 5. Be3 c6 6. Bd3 O-O 7. Qd2 h5 8. h3 e5
9. d5 a6 10. Nf3 cxd5 11. Bg5 dxc4 12. Bxc4 Qc7 13. Bb3 Kh7 14. O-O Qc6 15. Nd5
Nxe4 16. Qe3 Nxg5 17. Nxg5+ Kh8 18. Rac1 Qe8 19. Nc7 Qe7 20. Nxa8 Nc6 21. Bd5
f6 22. Nf3 Kh7 23. Nb6 Bh6 24. Qc3 Bxc1 25. Rxc1 Na7 26. Qb4 Bf5 27. Re1 Nb5
28. a4 Nc7 29. Ba2 Rf7 30. Bxf7 Qxf7 31. Qxd6 Ne8 32. Qd2 Qb3 33. a5 Ng7 34.
Re3 Qb5 35. Nd5 Qc6 36. Nh4 Bd7 37. Ne7 Nf5 38. Nxc6 1-0